00830nam a22002177a 450000500170000001000150001702000260003203500140005803700090007208200150008124501200009625000060021626000500022227000640027230000200033670000440035670000370040094200260043799900190046395201300048220241028112949.0 aENG-142455 a9788194720355c499.00 aEN-125987 bDBAD a305.56221 aDr. B. R. Ambedkar Ideology:cEdited by Vinod Kumar Cherukuri and Punya ShailajabSustainable Development in India/ a1 bDesh Vikas Publicationsc2021aAndhra Pradesh aD. No. 1-43-19, Adarsha Nagar, Peda Waltair, Vishkhapatnam, a208p.c23cm(pb) aEdited by Cherukuri, Vinod Kumar973533 aEdited by Shailaja, Punya973534 2ddccENh305.562mBRA c206789d206789 001040718NFICaBNbBNd2024-10-28eDBADg499.00l0o305.562 BRApEN-125987r2024-10-28 00:00:00t1v499.00w2024-10-28yEN